| 000 | 00981nam a2200289 i 4500 | ||
|---|---|---|---|
| 001 | 10285 | ||
| 003 | ES-MaACL | ||
| 005 | 20250408063055.0 | ||
| 007 | t| | ||
| 008 | 950418s1994 sp a |||| |dspa d | ||
| 020 | _a84-08-01115-4 | ||
| 080 | _a929:86"1936/1939" | ||
| 080 | _a86.09"1936/1939" | ||
| 100 | 0 |
_aTrapiello, Andrés, _d1953- _9111233 |
|
| 245 | 1 | 4 |
_aLas armas y las letras _b: literatura y guerra civil (1936-1939) / _cAndrés Trapiello. |
| 250 | _a1ª ed. | ||
| 260 |
_aBarcelona : _bPlaneta, _c1994. |
||
| 300 |
_a429 p. : _bil. ; _c23 cm. |
||
| 490 | 1 |
_aEspejo de España. _aLa guerra civil |
|
| 500 | _aÍndice. | ||
| 650 | 1 | 4 |
_aEscritores españoles- _y1936-1939. _912383 |
| 650 | 4 |
_aLiteratura- _yS.XX- _xHistoria y crítica. _9139829 |
|
| 651 | 4 |
_aEspaña- _xHistoria- _y1936-1939, Guerra civil- _vObras literarias. _98311 |
|
| 830 | 0 |
_aEspejo de España. _aLa guerra civil _9228115 |
|
| 852 |
_aES-MaACL _jL-17485 |
||
| 999 |
_c10285 _d10285 |
||